<?xml version="1.0" encoding="UTF-8"?>
<marc:record xmlns:marc="http://www.loc.gov/MARC21/slim">
   <marc:leader>00000nam a2200000 a 4500</marc:leader>
   <marc:datafield ind1="1" ind2=" " tag="100">
      <marc:subfield code="a">Bode, Thilo</marc:subfield>
      <marc:subfield code="4">aut</marc:subfield>
      <marc:subfield code="e">Verfasser/-in</marc:subfield>
   </marc:datafield>
   <marc:datafield ind1="1" ind2=" " tag="100">
      <marc:subfield code="a">Scheytt, Stefan</marc:subfield>
      <marc:subfield code="4">aut</marc:subfield>
      <marc:subfield code="e">Verfasser/-in</marc:subfield>
   </marc:datafield>
   <marc:datafield ind1="0" ind2="0" tag="245">
      <marc:subfield code="a">Der Supermarkt-Kompass</marc:subfield>
   </marc:datafield>
   <marc:datafield ind1="0" ind2="0" tag="245">
      <marc:subfield code="b">informiert einkaufen, was wir essen</marc:subfield>
   </marc:datafield>
   <marc:datafield ind1="0" ind2="0" tag="245">
      <marc:subfield code="c">Thilo Bode ; unter Mitarbeit von Stefan Scheytt</marc:subfield>
   </marc:datafield>
   <marc:datafield ind1=" " ind2="1" tag="264">
      <marc:subfield code="a">Frankfurt am Main</marc:subfield>
      <marc:subfield code="b">S. FISCHER</marc:subfield>
      <marc:subfield code="c">2023</marc:subfield>
   </marc:datafield>
   <marc:datafield ind1=" " ind2=" " tag="250">
      <marc:subfield code="a">2. Auflage</marc:subfield>
   </marc:datafield>
   <marc:datafield ind1="1" ind2=" " tag="520">
      <marc:subfield code="a">Angaben aus der Verlagsmeldung

Der Supermarkt-Kompass : Informiert einkaufen, was wir essen / von Thilo Bode

Was uns der Supermarkt serviert – und was sich ändern muss

Wir alle gehen in den Supermarkt. Doch zwischen Preissteigerungen und dem Wunsch nach guten Lebensmitteln gleicht der Wocheneinkauf einem Blindflug: Billig ist nicht schlecht, teuer ist nicht gut. Unverständliche Zutatenlisten, undurchsichtige Qualitätsversprechen und fehlende Informationen verhindern, dass wir als Kunden unsere Wahlfreiheit ausüben können. In seinem Buch nimmt Thilo Bode uns darum mit auf einen aufklärerischen Gang durch den Supermarkt. Verständlich und übersichtlich unterzieht er die wichtigsten Lebensmittel von der Frische- bis zur Tiefkühltheke – Obst, Gemüse, Fleisch, Backwaren, Milchprodukte und mehr – einem radikalen Qualitätscheck. Und er beschreibt, was passieren muss, damit Supermärkte die Erwartungen der Verbraucher nach Transparenz und Qualität erfüllen. »Der Supermarkt-Kompass« ist ein unverzichtbares Buch mit direktem Gebrauchswert – für alle, die endlich informiert einkaufen wollen.

Mit praktischen Info-Boxen zu den wichtigsten Lebensmitteln und allen wichtigen Fakten zu unserer Ernährung.

</marc:subfield>
   </marc:datafield>
   <marc:datafield ind1=" " ind2=" " tag="020">
      <marc:subfield code="a">9783103971606</marc:subfield>
      <marc:subfield code="9">9783103971606</marc:subfield>
   </marc:datafield>
   <marc:datafield ind1=" " ind2=" " tag="020">
      <marc:subfield code="a">3103971605</marc:subfield>
      <marc:subfield code="9">3103971605</marc:subfield>
   </marc:datafield>
   <marc:datafield ind1=" " ind2=" " tag="041">
      <marc:subfield code="a">ger</marc:subfield>
   </marc:datafield>
   <marc:datafield ind1=" " ind2=" " tag="300">
      <marc:subfield code="a">318 Seiten</marc:subfield>
   </marc:datafield>
</marc:record>
